000 00715nam a2200181 a 4500
005 20210223123738.0
008 991125s1978 mx 000 0 spa u
035 _aUPN01000059232
049 _aCG
050 4 _aHC131
_bP7.3 no.20
245 0 0 _aZona Chontal de Tabasco /
_cCoordinación General del Plan Nacional de Zonas Deprimidas y Grupos Marginados.
260 _aMéxico :
_bPresidencia de la República,
_c1978.
300 _a214 p., [7] p. de [8] h. pleg. :
_bmapas
440 0 _aProgramas integrados ;
_v20
650 4 _aCHONTALES (DE TABASCO) -
_xCONDICIONES ECONOMICAS
_912207
710 1 _aMéxico.
_bCoordinación General del Plan Nacional de Zonas Deprimidas y Grupos Marginados
_927983
905 _aLibro
999 _c59232
_d59232